Abe's honest words : (Record no. 3545)

MARC details
000 -LEADER
fixed length control field 00889nam a22002777a 4500
001 - CONTROL NUMBER
control field 3545
003 - CONTROL NUMBER IDENTIFIER
control field FISKH
005 - DATE AND TIME OF LATEST TRANSACTION
control field 20240318105019.0
008 - FIXED-LENGTH DATA ELEMENTS--GENERAL INFORMATION
fixed length control field 240318b cb ||||| |||| 00| 0 eng d
020 ## - INTERNATIONAL STANDARD BOOK NUMBER
International Standard Book Number 9780545620253
040 ## - CATALOGING SOURCE
Original cataloging agency FISKH
Language of cataloging eng
Transcribing agency FISKH
Modifying agency FISKH
050 ## - LIBRARY OF CONGRESS CALL NUMBER
Classification number E457.R34
082 ## - DEWEY DECIMAL CLASSIFICATION NUMBER
Classification number 973.092
100 ## - MAIN ENTRY--PERSONAL NAME
Personal name Rappaport, Doreen
Relator term author
245 ## - TITLE STATEMENT
Title Abe's honest words :
Remainder of title The life of Abraham Lincoln /
Statement of responsibility, etc. by Doreen Rappaport : illustrated by Kadir Nelson
260 ## - PUBLICATION, DISTRIBUTION, ETC.
Place of publication, distribution, etc. New York :
Name of publisher, distributor, etc. Scholastic ,
Date of publication, distribution, etc. 2008
300 ## - PHYSICAL DESCRIPTION
Extent 45 unnumbered pages :
Other physical details color illustrations ;
Dimensions 26 cm.
490 ## - SERIES STATEMENT
Series statement Big words
505 ## - FORMATTED CONTENTS NOTE
Formatted contents note U <br/>
520 ## - SUMMARY, ETC.
Summary, etc. An introduction to the life and career of America's 16th president.
521 8# - TARGET AUDIENCE NOTE
Target audience note 820 <br/>
Source Lexile <br/>
521 8# - TARGET AUDIENCE NOTE
Target audience note U <br/>
Source Raz-Plus <br/>
650 ## - SUBJECT ADDED ENTRY--TOPICAL TERM
Topical term or geographic name entry element civil war
Form subdivision Non-fiction
700 ## - ADDED ENTRY--PERSONAL NAME
Personal name Nelson, Kadir
Relator term illustrator
942 ## - ADDED ENTRY ELEMENTS (KOHA)
Source of classification or shelving scheme Dewey Decimal Classification
Koha item type Books
Suppress in OPAC No
Holdings
Withdrawn status Lost status Source of classification or shelving scheme Damaged status Not for loan Collection Home library Current library Shelving location Date acquired Total Checkouts Full call number Barcode Date last seen Price effective from Koha item type
    Dewey Decimal Classification     Non-Fiction Footprints International School Library Network Toul Kork Campus Footprints International School Library Network Toul Kork Campus TTP Secondary Non-Fiction Bookshelves 03/18/2024   RAP 973.092 E457.R34 FIS01544 03/18/2024 03/18/2024 Books